000 nam a22 a 4500
999 _c478490
_d478490
003 BLK
005 20230407152239.0
008 200311b bul|||||r ||||||| ||bul||
040 _aBLK
041 _aBUL
_cBUL
080 _aИталианска литература
_b821.131.1
_x-32
_z821.163.2-32
100 _aРоси, Виторио Джовани
_eпърви автор
_91299
139 _aРоси, Виторио Джовани
245 _aОкеанът
_bПовест
_cВиторио Роси ; прев. от итал. Петър Драгоев.
250 _a2. изд.
257 _aBGR
260 _aВарна
_bГеорги Бакалов
_c1977
_9210458
300 _a146 с.
_c20 см
380 _aX
490 _9205245
_aБиблиотека Океан
_v6
500 _aОриг. загл. Oceano.
700 _9292737
_aДрагоев, Петър Драгоев
_eпрев. от итал.
852 _aЦб 87971
_bЦб
856 _i0.00
_ldisable
942 _cKNG
_n0
_s1
944 _aCR
_c2022-11-02
_kвр
999 _d478490